000 03364nam a22003257a 4500
003 OSt
005 20240817002658.0
007 cr ||||||a|c|a
008 240813s2022 mx a|||fom||| 001 0 spa d
040 _erda
100 1 _aHernández Vázquez, Amanda Xitlali
_9189413
245 1 _aEfecto de pseudomonas sp. y bacillus sp. en el control del manchado de cálices (Corynespora casiicola) en el cultivo de jamaica (Hibiscus sabclariffa L.) en Tecoanapa Guerrero, México /
_cpor Amanda Xitlali Hernández Vázquez; presidente Santos Gerardo Leyva Mir; secretario Javier Hernández Morales; vocal Manuel Sandoval Villa; suplente Dimas Mejía Sánchez; suplente Calixto Leopoldo Carrillo Fonseca
264 1 _aChapingo, México :
_bEl autor,
_c2022.
300 _a1 recurso en línea (46 páginas):
_bIlustraciones, cuadros
336 _2rdacontent
_atexto
_btxt
337 _2rdamedia
_acomputadora
_bc
338 _2rdacarrier
_arecurso en línea
_bcr
502 _bIAEPA
_cParasitología
_d2022
_gLIC
504 _aIncluye referencias bibliográficas: páginas 41-46
520 _aEn esta investigación se llevó a cabo un experimento para validar en campo los tratamientos de manejo fitosanitario que probaron controlar las enfermedades ocasionadas por el patógeno Corynespora cassiicola (Berk. & M.A. Curtis) en la investigación establecida en invernadero durante el 2020, para el cultivo de Jamaica combinada con maíz y comparar estos tratamientos con las recomendaciones locales en cada caso. La investigación en campo se estableció en Tecoanapa, Guerrero; en este experimento se evaluó el efecto de la aplicación de organismos biológicos (bacterias antagonistas) sobre la severidad del manchado del cáliz (Corynespora cassiicola) en jamaica (Hibuscus sabdariffa L.), al igual que el registro de otras variables agronómicas y fisiológicas por efecto de este hongo patógeno. Las bacterias Bacillus sp y Pseudomonas sp, que fueron aplicadas de manera foliar a las plantas establecidas en el experimento de campo como antagonistas del manchado de cálices de jamaica, mostraron resultados prometedores en la inducción de tolerancia hacia dicha enfermedad. Los tratamientos de bacterias aplicadas de modo individual ayudaron a tener un mejor desarrollo y tolerancia al manchado de cálices respecto al testigo no aplicado, sin embargo, estadísticamente, el mejor tratamiento fue la aplicación de la combinación de bacterias Bacillus sp + Pseudomonas sp. Además, las bacterias antes mencionadas que fueron aplicadas en las plantas, mostraron evidencia de actuar como promotoras del crecimiento en el cultivo, ya que en los resultados de altura de la planta, número de ramas, así como también la cantidad de follaje, fue mayor respecto al testigo no aplicado.
650 2 _aHongos fitopatógenos
_xControl biológico
_9134760
650 7 _aJamaica
_xEnfermedades por hongos
_960990
700 1 _aLeyva Mir, Santos Gerardo
_epresidente
_966581
700 1 _aHernández Morales, Javier
_954375
_esecretario
700 1 _aSandoval Villa, Manuel
_9102177
_evocal
700 1 _aMejía Sánchez, Dimas
_974288
_esuplente
700 1 _aCarrillo Fonseca, Calixto Leopoldo
_919482
_esuplente
856 _uhttp://10.13.5.2/tesis/tl/1511054-4_Hernandez_Vazquez_Amanda_X.pdf
_zDESCARGAR PDF
942 _2Clasificación Universidad Autónoma Chapingo
_cTD
999 _c220072
_d220072